000 00762cam a2200241 a 4500
001 000006614
005 20200929153948.0
008 760518s1965 nyu 001 0 eng
040 _aDO-SdBNP
_bspa
_cBNPHU
041 1 7 _aeng
_hfre
082 _a913.03
_bL296m
100 1 _aLantier, Raymond,
_d1886-
_918353
240 0 _aLa vie préhistorique.
_lInglés.
245 1 0 _aMan before history /
_cRaymond Lantier ; traducción del francés Unity Evans.
260 _aNew York :
_bWalker and Company,
_c1965.
300 _a159 p. ;
_c22 cm.
490 1 _aA Sun book
534 _aPrimera publicación en francés :
_tLa vie préhistorique
650 0 _aPrehistoric peoples.
_918354
650 0 _aStone age.
_918355
830 0 _aA Sun book
_918356
049 _aBNGR
999 _c6404
_d6404